|
|
|
|
| LEADER |
00000nam0a2200000 4500 |
| 001 |
40226 |
| 005 |
20231101210614.0 |
| 035 |
|
|
|a (RuTPU)RU\TPU\book\41250
|
| 090 |
|
|
|a 40226
|
| 100 |
|
|
|a 20020430d1972 m y0rusy50 ca
|
| 101 |
0 |
|
|a rus
|
| 102 |
|
|
|a RU
|
| 105 |
|
|
|a a j 001zy
|
| 200 |
1 |
|
|a Геодезия
|e учебное пособие для вузов
|f А. В. Маслов, А. В. Гордеев, Н. Н. Александров и др.
|
| 210 |
|
|
|a Москва
|c Недра
|d 1972
|
| 215 |
|
|
|a 525 с.
|c ил.
|
| 300 |
|
|
|a Авторы указаны на обороте титульного листа.
|
| 320 |
|
|
|a Библиогр.: с. 516-518.
|
| 606 |
|
|
|a Геодезия
|2 stltpush
|3 (RuTPU)RU\TPU\subj\6015
|9 33982
|
| 610 |
1 |
|
|a история
|
| 610 |
1 |
|
|a теодолитная съемка
|
| 610 |
1 |
|
|a вычислительные методы
|
| 610 |
1 |
|
|a планы
|
| 610 |
1 |
|
|a геометрическое нивелирование
|
| 610 |
1 |
|
|a мензульная съемка
|
| 610 |
1 |
|
|a тахеометрическая съемка
|
| 610 |
1 |
|
|a измерения
|
| 610 |
1 |
|
|a погрешности
|
| 610 |
1 |
|
|a проекции
|
| 610 |
1 |
|
|a координаты Гаусса
|
| 610 |
1 |
|
|a угломерные инструменты
|
| 610 |
1 |
|
|a приборы
|
| 610 |
1 |
|
|a учебные пособия
|
| 675 |
|
|
|a 528(075.8)
|v 3
|
| 701 |
|
1 |
|a Маслов
|b А. В.
|g Алексей Васильевич
|
| 701 |
|
1 |
|a Гордеев
|b А. В.
|g Александр Васильевич
|
| 701 |
|
1 |
|a Александров
|b Н. Н.
|
| 701 |
|
1 |
|a Соберайский
|b К. С.
|
| 701 |
|
1 |
|a Батраков
|b Ю. Г.
|
| 801 |
|
1 |
|a RU
|b 63413507
|c 20020430
|g PSBO
|
| 801 |
|
2 |
|a RU
|b 63413507
|c 20140505
|g PSBO
|
| 942 |
|
|
|c BK
|